| 000 | 01055nas a2200325 4500 | ||
|---|---|---|---|
| 001 | BR2015001731 | ||
| 003 | BR-BrBNA | ||
| 005 | 20231205125141.0 | ||
| 007 | ta | ||
| 008 | 230509b bl.|||p| |||| 00| 00por d | ||
| 040 |
_aBR-BrBNA _bpor _cBiblioteca Nacional de Agricultura |
||
| 041 | _a(Pt) | ||
| 072 | _aL73; L50 | ||
| 100 | 1 | _aBastos, C.R. | |
| 100 | 1 | _aBlagitz, M.G. | |
| 100 | 1 | _aSouza, F.N. | |
| 100 | 1 | _aBatista, C.F. | |
| 100 | 1 | _aStrivsgnolo, C.R. | |
| 100 | 1 | _aAzedo, M.R. | |
| 100 | 1 | _aLibera, A.M.M.P.D. | |
| 245 | 1 | _aViabilidade celular, fagocitose e espraiamento de fagócitos mononucleares e liberação de peróxido de hidrogênio por leucócitos de glândulas mamárias bovinas sadias e infectadas | |
| 650 | _aBOVINO | ||
| 650 | _aLEITE | ||
| 650 | _aMAMITE | ||
| 650 | _aDOENÇA ANIMAL | ||
| 650 | _aANÁLISE QUÍMICA | ||
| 773 | 0 |
_tPesquisa Veterinária Brasileira (Brazil) _xISSN 0100-736X _g(Sep 2012), v. 32(9) p. 850-854 _wBR2015001731 |
|
| 909 |
_a202311 _bLúcia _c55 _dLúcia Elande |
||
| 942 |
_2AGRIS _n0 _cANA |
||
| 999 |
_c242911 _d242911 |
||